000 00448nam a2200181Ia 4500
003 OSt
005 20260401104612.0
008 250729s2010 xx 000 0 und d
040 _cAL
041 _akan
082 _a420.25 AKARF
100 _aKarnataka Govt
_9230781
245 _aFirst language english 10th std
260 _aBangalore
_bKarnataka Text Book Socity
_c2010
300 _a220p
650 _aEnglish
_9230782
942 _2ddc
_cBED
999 _c238953
_d238953